000 00763nam a2200217Ii 4500
003 JO-AjNU
008 230605s9999||||xx |||||||||||||| ||und||
017 _a1983/4/225
040 _aJO-AjNU
_bara
_erda
_cJO-AjNU
041 _aara
050 1 4 _aHF5693. A7.D37 1997
100 3 _aتأليف: درويش، احمد عبدالله,
_eauthor
_931886
245 0 0 _aمبادىء الرياضة المالية
250 _aط3
264 3 1 _aعمان: دار صفاء للنشر والتوزيع، 1997
300 _a236ص
_bيحتوي على جداول من ص 217-235 ص
336 _atext
_btxt
_2rdacontent
337 _aunmediated
_bn
_2rdamedia
338 _avolume
_bnc
_2rdacarrier
650 4 _aالمحاسبة المالية - الرياضيات
_931887
999 _aA12805
_c16373
_d16373